Las cuatro plumas / (Record no. 100560)

MARC details
000 -LEADER
campo de control de longitud fija 00725nam a2200229 i 4500
001 - NÚMERO DE CONTROL
campo de control 100560
003 - IDENTIFICADOR DE NÚMERO DE CONTROL
campo de control ES-MaACL
005 - FECHA Y HORA DE LA ÚLTIMA TRANSACCIÓN
campo de control 20250905161041.0
007 - CAMPO FIJO DE DESCRIPCIÓN FÍSICA--INFORMACIÓN GENERAL
campo de control de longitud fija t|
008 - DATOS DE LONGITUD FIJA--INFORMACIÓN GENERAL
campo de control de longitud fija 050929s1944 sp ||||1| spa d
080 ## - NÚMERO DE LA CLASIFICACIÓN DECIMAL UNIVERSAL
Número de la Clasificación Decimal Universal 821.111-31"19"
100 1# - ENTRADA PRINCIPAL--NOMBRE DE PERSONA
Nombre de persona Mason, A. E. W.
9 (RLIN) 78752
245 14 - MENCIÓN DEL TÍTULO
Título Las cuatro plumas /
Mención de responsabilidad, etc. por Eduardo Woodley Mason ; traducción de Guillermo López Hipkiss ; viñetas de Emilio Freixas.
260 ## - PUBLICACIÓN, DISTRIBUCIÓN, ETC.
Lugar de publicación, distribución, etc. Barcelona :
Nombre del editor, distribuidor, etc. Talls. Gráfs. Vives,
Fecha de publicación, distribución, etc. 1944.
300 ## - DESCRIPCIÓN FÍSICA
Extensión 410 p. :
Otras características físicas il. ;
Dimensiones 21 cm.
490 1# - MENCIÓN DE SERIE
Mención de serie Perseo
700 1# - ENTRADA AGREGADA--NOMBRE PERSONAL
Nombre de persona López Hipkiss, Guillermo,
Fechas asociadas al nombre 1902-1957
9 (RLIN) 73700
700 1# - ENTRADA AGREGADA--NOMBRE PERSONAL
Nombre de persona Freixas, Emilio.
9 (RLIN) 52483
830 0# - PUNTO DE ACCESO ADICIONAL DE SERIE-TÍTULO UNIFORME
Título uniforme Perseo
9 (RLIN) 232439
852 ## - LOCALIZACIÓN
Ubicación ES-MaACL
Número de control de estantería F-6947
Holdings
Estatus retirado Estado de pérdida Estado de daño No para préstamo Biblioteca de origen Biblioteca actual Ubicación en estantería Fecha de adquisición Fuente de adquisición Total de préstamos Signatura topográfica completa Código de barras Visto por última vez Precio de reemplazo Tipo de ítem Koha
        Biblioteca del Ateneo de Madrid Biblioteca del Ateneo de Madrid Depósito 2 17/01/2008     F-6947 1104992 23/02/2023 23/02/2023 Libro impreso